=LDR 00000nam 2200000 4500 =001 INLIS000000000015740 =005 20200707113009 =035 ##$$a 0010-061300000015740 =008 200707################g##########0#ind## =041 ##$$a Ind =082 ##$$a 2x6.2 =090 ##$$a 2x6.2, Mar R =100 1#$$a Marhiyanto, Khalilah =245 1#$$a Reformasi di Era Jahiliyah, /$c Khalilah Marhiyanto =260 ##$$a Jakarta :$b Citra Pelajar,$c 1998 =300 ##$$a 140 hlm, ; $c 13 x 21 cm =650 #4$$a Islam-Reformasi =850 ##$$a NBPNMAT =084 ##$$a 2x6.2 MAR r =250 ##$$a cet.1 =990 ##$$a 139.903/pro99 =990 ##$$a 139.904/pro99 =990 ##$$a 139.906/pro99 =990 ##$$a 139.904/pro99 =990 ##$$a 139.903/pro99 =990 ##$$a 139.906/pro99 =990 ##$$a 139.903/pro99 =990 ##$$a 139.904/pro99 =990 ##$$a 139.906/pro99